| 000 | 01162cam a22003017a 4500 | ||
|---|---|---|---|
| 999 |
_c15865 _d15865 |
||
| 003 | EG-ScBUE | ||
| 005 | 20200120131755.0 | ||
| 008 | 110818s1992 ua|||||gr||| 000 0 ara d | ||
| 017 | _a1992/2562 | ||
| 020 | _a9770236284 | ||
| 040 |
_aEG-ScBUE _bara _erda _dEG-ScBUE _cEG-ScBUE |
||
| 043 | _aa-mk--- | ||
| 082 | 0 | 4 |
_a892.70995353 _bد ر و _222 |
| 100 | 1 |
_aدرويش، أحمد، _eمؤلف. _916385 |
|
| 245 | 1 | 0 |
_aمدخل إلى دراسة الأدب في عمان : _bالمصادر- المناهج- المراحل- النماذج / _cدكتورأحمد درويش. |
| 264 | 1 |
_aمسقط، عمان _bدار الأسرة للطباعة والنشر والتوزيع، _c1992. |
|
| 300 |
_a334 صفحة ؛ _b24 سم |
||
| 336 |
_2rdacontent _aنص _btxt |
||
| 337 |
_2rdamedia _aبدون وسيط _bn |
||
| 338 |
_2rdacarrier _aمجلد _bnc |
||
| 500 | _aيشتمل على كشافات. | ||
| 504 | _aيشتمل على إرجاعات ببليوجرافية. | ||
| 590 | _amahmoud sami | ||
| 650 | 7 |
_aالأدب العربي _zعمان _xتاريخ ونقد. _2BUEsh _929686 |
|
| 653 |
_bARALIT _cJanuary2020 |
||
| 655 | _vReading book | ||
| 942 |
_2ddc _cBB |
||